000 01479cad a22002655a 4500
001 L153085
008 110607s2011 xxk f 000 0 eng d
035 _a(Sirsi) u153085
041 0 _aeng
110 2 _aUnited Kingdom
_bDepartment for Environment, Food and Rural Affairs
245 0 0 _aUK national ecosystem assessment understanding nature's value to society
_bsynthesis of the key findings
_h[electronic resource]
260 _aLondon
_bDEFRA
_c2011
520 _aProvides a comprehensive overview of the state of the natural environment in the UK and a new way of estimating our national wealth. Argues that we have under valued our natural resources and by valuing them properly will enable better decision making, more certain investment, new avenues to wealth creation and jobs. Ministers who commissioned the NEA will use it to re-shape planning policy.
590 _aKA NTK
651 4 _aENGLAND AND WALES
690 _aENVIRONMENTAL AND LAND CONSULTANCY-ENVIRONMENTAL MANAGEMENT
710 1 _aCountryside Council for Wales
_91619
710 1 _aEconomic and Social Research Council
_91854
710 1 _aNatural Environment Research Council
_91024
710 1 _aNorthern Ireland Environment Agency
_95728
710 1 _aScottish Executive
_93811
710 1 _aWales
_bWelsh Assembly Government
856 4 0 _uhttps://archive.defra.gov.uk/environment/natural/documents/UKNEA_SynthesisReport.pdf
_zView the item free of charge at archive.defra.gov.uk
942 _n0
999 _c112367
_d112367